000 00317nam a22001457a 4500
008 210302b ||||| |||| 00| 0 eng d
020 _a9781285761954
041 _aeng
080 _210th
_a615.83
082 _a615.83
100 _a8
101 _aEGZ
245 _aCollege Physics
_cSerway, R.A
942 _2udc
_cBK
999 _c55550
_d55550